Hauptstädte Nord- und Südamerikas - Statistiken

Allgemein
  • Dieses Quiz wurde 30.236 mal gespielt
  • Das Durchschnittsergebnis liegt bei 21 aus 35
Antwortstatistiken
Land Hauptstadt % Korrekt
Brasilien Brasília
94%
Vereinigte Staaten Washington D.C.
94%
Mexiko Mexiko-Stadt
92%
Argentinien Buenos Aires
88%
Kanada Ottawa
85%
Peru Lima
83%
Panama Panama-Stadt
80%
Chile Santiago
80%
Kuba Havanna
79%
Kolumbien Bogotá
76%
Uruguay Montevideo
74%
Venezuela Caracas
69%
El Salvador San Salvador
69%
Jamaika Kingston
68%
St. Vincent und die Grenadinen Kingstown
68%
Ecuador Quito
68%
Bolivien La Paz oder Sucre
67%
Guatemala Guatemala-Stadt
65%
Bahamas Nassau
56%
Haiti Port-au-Prince
56%
Paraguay Asunción
54%
Costa Rica San José
53%
Guyana Georgetown
52%
Dominikanische Republik Santo Domingo
49%
Nicaragua Managua
44%
Trinidad und Tobago Port-of-Spain
43%
Suriname Paramaribo
41%
Belize Belmopan
39%
Honduras Tegucigalpa
39%
Barbados Bridgetown
36%
Antigua und Barbuda Saint John's
35%
Grenada Saint George's
33%
Dominica Roseau
31%
St. Kitts und Nevis Basseterre
27%
St. Lucia Castries
27%
Keine übereinstimmenden Quizze gefunden
Verteilung der Resultate
Anzahl Personen mit jedem Resultat
Perzentil nach korrekt beantworteten Fragen
Ihre Resultats-Entwicklung
Sie haben dieses Quiz noch nicht gespielt